L'ANNO LITURGICO. LA SETTUAGESIMA. (Record n. 279497)
[ formato base ]
| 000 -LEADER | |
|---|---|
| fixed length control field | 01196nam a2200229Ia 4500 |
| 001 - CONTROL NUMBER | |
| control field | L264-20379 |
| 003 - CONTROL NUMBER IDENTIFIER | |
| control field | IT-CnALBA |
| 008 - FIXED-LENGTH DATA ELEMENTS--GENERAL INFORMATION | |
| fixed length control field | 170116s9999||||xx |||||||||||||| ||und|| |
| 040 ## - CATALOGING SOURCE | |
| Original cataloging agency | IT-CnALBA |
| Transcribing agency | IT-CnALBA |
| 041 ## - LANGUAGE CODE | |
| Language code of text/sound track or separate title | ITALIANO |
| 999 ## - SYSTEM CONTROL NUMBERS (KOHA) | |
| Koha Dewey Subclass [OBSOLETE] | SI |
| 100 ## - MAIN ENTRY--PERSONAL NAME | |
| Personal name | GUERANGER PROSPERO, ABATE DI SOLESMES |
| 245 #0 - TITLE STATEMENT | |
| Title | L'ANNO LITURGICO. LA SETTUAGESIMA. |
| 250 ## - EDITION STATEMENT | |
| Edition statement | 1a ed. |
| 260 ## - PUBLICATION, DISTRIBUTION, ETC. (IMPRINT) | |
| Place of publication, distribution, etc. | TORINO - ROMA |
| Name of publisher, distributor, etc. | MARIETTI EDITORE |
| Date of publication, distribution, etc. | 1886 [1° Ed.:1886] |
| 300 ## - PHYSICAL DESCRIPTION | |
| Extent | 433 p. |
| 500 ## - GENERAL NOTE | |
| General note | DOMENICHE PRIMA DELLA QUARESIMA FINO AL MERCOLEDI DELLE CENERI. SANTI DI FEBBRAIO FINO AL 12 MARZO. TRADUZIONE DAL FRANCESE. S. BIAGIO. S. ANDREA CORSINI. S. AGATA. S. ROMUALDO ABATE. S. CIRILLO. S. SCOLASTICA. CATTEDRA DI S. PIETRO AD ANTIOCHIA. S. TOMMA |
| 501 ## - WITH NOTE | |
| With note | Società San Paolo EM - Piazza San Paolo, 14 - 12051 ALBA (CN) (non commercial uses only) ® Copyright 2017 |
| 520 ## - SUMMARY, ETC. | |
| Summary, etc. | DOMENICHE PRIMA DELLA QUARESIMA FINO AL MERCOLEDI DELLE CENERI. SANTI DI FEBBRAIO FINO AL 12 MARZO. TRADUZIONE DAL FRANCESE. S. BIAGIO. S. ANDREA CORSINI. S. AGATA. S. ROMUALDO ABATE. S. CIRILLO. S. SCOLASTICA. CATTEDRA DI S. PIETRO AD ANTIOCHIA. S. TOMMA |
| 650 ## - SUBJECT ADDED ENTRY--TOPICAL TERM | |
| Topical term or geographic name as entry element | CULTO PUBBLICO LITURGIA |
| 942 ## - ADDED ENTRY ELEMENTS (KOHA) | |
| Koha item type | LIBRO |
| 957 ## - | |
| -- | 1 |
| 999 ## - SYSTEM CONTROL NUMBERS (KOHA) | |
| -- | Copie: 1 |
| Withdrawn status | Lost status | Damaged status | Not for loan | Home library | Current library | Date acquired | Total Checkouts | Full call number | Date last seen | Price effective from | Koha item type | Public note |
|---|---|---|---|---|---|---|---|---|---|---|---|---|
| Buone Condizioni | Not For Loan | ALBA - Biblioteca | ALBA - Biblioteca | 16/01/2017 | L264-20379 | 16/01/2017 | 16/01/2017 | LIBRO | (data import: 16 gennaio 2017) - By Epidotti, Vaglietti. |